Technologie textilu a oděvnictví 2

Gespeichert in:
Bibliographische Detailangaben
Format: Buch
Sprache:Tschechisch
Veröffentlicht: Liberec : VŠST, 1992
Ausgabe:1.vyd.
Schlagworte:
Tags: Tag hinzufügen
Keine Tags, Fügen Sie das erste Tag hinzu!

MARC

LEADER 00000nam a22000003a 4500
001 stu39966
005 20150408180724.6
008 930324s1992----cs------------------cze-d
020 |a 80-7083-081-6 
040 |a STU  |b slo 
041 0 |a cze 
044 |a cs 
080 |a 677.02 
080 |a 687(075.8) 
245 |a Technologie textilu a oděvnictví 2 
250 |a 1.vyd. 
260 |a Liberec :  |b VŠST,  |c 1992 
300 |a 256 s 
650 7 |a textil  |2 stusub 
650 7 |a technológie  |2 stusub 
650 7 |a Technológie textilné  |2 stusub 
650 7 |a Priemysel odevný  |2 stusub 
996 |b 284M008340  |c M*S-745-1  |l MMKN  |s A  |a 24  |w stu39966_0001